00994cam a22002894a 450000100090000000300040000900500170001300800410003001000170007101500190008801600180010702000360012502000350016103500230019604000390021904200080025805000210026608200140028710000290030124500840033026000530041430000420046750400680050965000250057765000240060285600780062613981407OSt20170131102606.0050524s2005 nyuab b 001 0 eng c a 2005015050 aGBA5755732bnb7 a0132878682Uk a0810443244 (cloth : alk. paper) a0810472805 (pbk. : alk. paper) a(OCoLC)ocm60543155 aNIC/DLCcDLCdUKMdC#PdBAKERdDLC apcc00aNC703b.M33 200500a741.22221 aMaynard, Patrick,d1939-10aDrawing distinctions :bthe varieties of graphic expression /cPatrick Maynard. aIthaca, N.Y. :bCornell University Press,c2005. axxiii, 266 p. :bill., maps ;c27 cm. aIncludes bibliographical references (p. [233]-257) and indexes. 0aDrawingxPhilosophy. 0aDrawingxTechnique.413Table of contentsuhttp://www.loc.gov/catdir/toc/ecip0513/2005015050.html